00382nam a2200145Ia 450000500170000000800410001704100080005808200150006610000220008124500470010326000480015030000090019865000120020770000170021920250729165405.0250729s2006 xx 000 0 und d aeng a372.8 LAXM aLaxmi Siva Venkta aMethods of Teaching Enviournmental Science aNew DelhibDiscovery Publishing Housec2006 a331p aScience aSubbaiah G L